| 000 | 00764nam a22002177a 4500 | ||
|---|---|---|---|
| 003 | OSt | ||
| 005 | 20251118104837.0 | ||
| 008 | 251118b |||||||| |||| 00| 0 eng d | ||
| 020 | _a 978-971-9919-33-9 | ||
| 040 |
_aDWCL-Main lib _cOC |
||
| 082 |
_22013 rev. ed. _aFil. 657 V173p 2013 |
||
| 100 | _aValix, Conrado T. | ||
| 245 |
_aPractical accounting one : _bCPA examination (includes SMEs), volume 1/ _cConrado T. Valix |
||
| 250 | _a2013 rev. ed. | ||
| 260 |
_aManila : _bGIC Enterprises, _cc2013. |
||
| 300 |
_a703 p. _billustrations ; _c22 cm. |
||
| 650 | _a1. Accounting--Examinations, questions, etc. | ||
| 650 | _a2. Accounting--Problems, exercises, etc. | ||
| 700 | _aChristian Aris M. Valix | ||
| 942 |
_2ddc _cBK - FIL _e 2013 rev. ed. _kFil. _n0 |
||
| 999 |
_c5763 _d5763 |
||